000
00308nam a22001217a 4500
041
_a
ENG
100
_a
Mittal.J.P
245
_a
Pre-Harvest Energy Use And Crop Yield Relationships For Growing Wheat In Punjab
260
_a
New Delhi
_b
BIS
_c
1997
300
_a
03
650
_a
BIS Code
856
_u
BIS Code
999
_c
2134
_d
2134